书目信息 |
| 书名: | Field Hockey | |
| 作者: | W.F.Axton etc. | |
| 分册号: | ||
| 分册名: | 出版地: |
|
| 出版社: | A Division of Howard W.Sams & Co | |
| 出版时间: | 1993. | |
| 页数: | 114 p. ; | |
| 开本: | 29cm. | |
| 丛书名: | ||
| 中图分类号: | ||
| 科图分类号: | ||
| 其他分类号: | G849.1 | |
| 主题词: | ||
| 电子资源: | ||
| 000 | 00392nam 2200145 a 4500 | |
| 001 | E0260990993 | |
| 005 | 2002010816563053 | |
| 008 | 020108s1993 00010 eng | |
| 020 | @a0-940279-81-9. :@cRMB 12.00. | |
| 040 | @aPFT@beng | |
| 090 | @aG849.1 | |
| 099 | @dG849.1@eA972 | |
| 245 | @aField Hockey / @cW.F.Axton etc. | |
| 260 | @bA Division of Howard W.Sams & Co.,@c1993. | |
| 300 | @a114 p. ;@c29cm. | |
| Field Hockey / / W.F.Axton etc.-A Division of Howard W.Sams & Co., , 1993. |
| 114 p. ; ; 29cm. |
| ISBN 0-940279-81-9. :RMB 12.00. |
| ● |
| 相关链接 |
|
|
|
正题名:Field Hockey
索取号:G849.1/A972
 
预约/预借
| 序号 | 登录号 | 条形码 | 馆藏地/架位号 | 状态 | 备注 |
| 1 | 01373 | 300013731 | 社科库409/209语言库 64排2列5层/ [索取号:G849.1/A972] | 在馆 |